000 01108cam a2200457 4500
001 J62207
008 000000n2000 000 0 eng u
035 _a(Sirsi) u108340
041 _aeng
050 _a333.337016
110 _aJones Lang LaSalle
_93755
245 _aEuropean office index. - First quarter, Second quarter, third quarter & fourth quarter 2000
260 _bJones Lang LaSalle
_c2000
300 _a4pt. ; 30cm.
350 _a0
650 _aAMSTERDAM (RANDSTAD)
650 _aBARCELONA
650 _aBERLIN
650 _aBRUSSELS
650 _aCAPITAL VALUES
650 _aDUBLIN
650 _aDUSSELDORF
650 _aEUROPE
650 _aEUROPEAN OFFICE INDEX
650 _aFRANKFURT
650 _aHAMBURG
650 _aLONDON
650 _aLUXEMBOURG
650 _aLYON
650 _aVIENNA
650 _aMADRID
650 _aMILAN
650 _aMUNICH
650 _aOFFICES
650 _aPARIS
650 _aPROPERTY INDICES
650 _aRENTAL VALUES
650 _aSTOCKHOLM
690 _aPROPERTY-COMMERCIAL PROPERTY
942 _n0
999 _c100776
_d100776